Církev jako komunita jednání /
Uložené v:
| Hlavný autor: | |
|---|---|
| Médium: | Kniha |
| Jazyk: | Czech |
| Vydané: |
Olomouc :
Univerzita Palackého v Olomouci,
2018.
|
| Vydanie: | 1. vydání |
| Edícia: | Monografie
|
| Témy: | |
| ISBN: |
9788024453231 (brož.) |
| Fyzický popis: |
126 strán ; 21 cm. |
| Tagy: |
Pridať tag
Žiadne tagy, Buďte prvý kto otaguje tento záznam!
|
Titul je dostupný aj v ... 

MARC
| LEADER | 00000nam a2200000 i 4500 | ||
|---|---|---|---|
| 001 | 000596113 | ||
| 005 | 20181207082628.0 | ||
| 008 | 180711s2018 xr e 000 0 cze d | ||
| 020 | |a 9788024453231 (brož.) | ||
| 040 | |a SVKKK |b slo |c SVKKK |e AACR2 | ||
| 041 | 0 | |a cze | |
| 044 | |a xr |c CZ | ||
| 072 | 7 | |a 27 |x Kresťanstvo. Kresťanská cirkev všeobecne. Ekleziológia |2 konspekt | |
| 080 | |a 272-72 |2 2011 | ||
| 080 | |a 316.77:27-7 |2 2011 | ||
| 080 | |a 2-7 |2 2011 | ||
| 080 | |a 27-4 |2 2011 | ||
| 080 | |a 304 |2 2011 | ||
| 080 | |a 27-184.3 |2 2011 | ||
| 080 | |a 159.923.2 |2 2011 | ||
| 080 | |a 27-184 |2 2011 | ||
| 080 | |a 27-662:3 |2 2011 | ||
| 080 | |a (048.8) |2 2011 | ||
| 100 | 1 | |a Mikulášek, Josef, |d 1975- |4 aut | |
| 245 | 1 | 0 | |a Církev jako komunita jednání / |c Josef Mikulášek. |
| 250 | |a 1. vydání | ||
| 260 | |a Olomouc : |b Univerzita Palackého v Olomouci, |c 2018. | ||
| 300 | |a 126 strán ; |c 21 cm. | ||
| 490 | 1 | |a Monografie | |
| 504 | |a Bibliografické odkazy; bibliografia: s. 121-126 | ||
| 650 | 0 | 7 | |a katolícka eklesiológia |2 SVKKKPH |
| 650 | 0 | 7 | |a cirkevná komunikácia |2 SVKKKPH |
| 650 | 0 | 7 | |a cirkvi |x sociálne aspekty |2 SVKKKPH |
| 650 | 0 | 7 | |a kresťanský život |x sociálne aspekty |2 SVKKKPH |
| 650 | 0 | 7 | |a kresťanská viera |x sociálne aspekty |2 SVKKKPH |
| 650 | 0 | 7 | |a identita |2 SVKKKPH |
| 650 | 0 | 7 | |a Boh a človek |2 SVKKKPH |
| 650 | 0 | 7 | |a kresťanstvo a spoločnosť |2 SVKKKPH |
| 650 | 0 | 7 | |a Catholic ecclesiology |2 SVKKKPHeng |
| 650 | 0 | 7 | |a church communication |2 SVKKKPHeng |
| 650 | 0 | 7 | |a churches |x social aspects |2 SVKKKPHeng |
| 650 | 0 | 7 | |a Christian life |x social aspects |2 SVKKKPHeng |
| 650 | 0 | 7 | |a Christian faith |x social aspects |2 SVKKKPHeng |
| 650 | 0 | 7 | |a identity |2 SVKKKPHeng |
| 650 | 0 | 7 | |a relations between God and man |2 SVKKKPHeng |
| 650 | 0 | 7 | |a Christianity and civilization |2 SVKKKPHeng |
| 655 | 7 | |a monografie |2 SVKKKPH | |
| 655 | 7 | |a monographs |2 SVKKKPHeng | |
| 810 | 2 | |a Univerzita Palackého (Olomouc, Česko) |t Monografie | |
| 910 | |a svkkk | ||
| 919 | |a 978-80-244-5323-1 | ||
| 998 | |a BK | ||
| 090 | |g SCKHL |k Sklad Hlavná 10 prízemie |a III.243900 |j 1092278 |i 2720569995 |s Absenčne | ||